| 000 | 00720cab a2200241 4500 | ||
|---|---|---|---|
| 001 | ABS52558 | ||
| 008 | 090401t1995 xxu||||| |||| 00| 0 eng d | ||
| 035 | _a(Sirsi) u84580 | ||
| 041 | _aeng | ||
| 100 | _aTurner, T. | ||
| 245 | 4 | _aThe case for community parks | |
| 260 | _c1995 | ||
| 350 | _a0 | ||
| 490 |
_aFaculty of Building Journal _vSpring 1995, 22-24(3) |
||
| 520 | _aArgues for revitalisation of public parks, picking up points raised in the Landscape Institute`s 1992 publication, "Discussion paper on urban parks". | ||
| 650 | _aGREEN SPACE | ||
| 650 | _aOPEN SPACE | ||
| 650 | _aPUBLIC PARKS | ||
| 650 | _aURBAN PARKS | ||
| 690 | _aLEISURE AND RECREATION | ||
| 942 | _n0 | ||
| 948 | _c04/03/1997 | ||
| 999 |
_c53163 _d53163 |
||